000 00638nam a2200229Ia 4500
005 20241129104129.0
008 241129s9999||||xx |||||||||||||| ||und||
020 _a9780367204792
037 _aTextual
040 _aRTL
_beng
_cRTL
041 _aeng
_2eng
084 _aU435 N6;R0
_qRTL
100 _aLegates Richard T.; Stout Frederic
_9724907
245 0 _aCity Reader
_cLegates Richard T.; Stout Frederic
250 _a7th
260 _aNew York
_bRoutledge
_c2020
300 _axx,743p.
365 _aINR
_b5799.89
650 _aUrban Studies
_9724825
942 _cTB
_hU435 N6;R0
999 _c1224551
_d1224551